[Event "World Youth U16 Olympiad"]
[Site "Gyor HUN"]
[Date "2014.12.14"]
[Round "3.10"]
[Board "2"]
[White "Tomczak, Mikolaj"]
[Black "Kiss, Balint"]
[Result "1-0"]
[WhiteElo "2266"]
[BlackElo "2090"]
[WhiteTeam "Poland 1"]
[BlackTeam "Austria"]
[WhiteFideId "1175114"]
[BlackFideId "743763"]
[EventDate "2014.12.13"]

1. d4 d5 2. c4 c6 3. Nf3 dxc4 4. e3 Be6 5. Nc3 b5 6. a4 b4 7. Ne4 Nf6 8. Nxf6+
exf6 9. Qc2 b3 10. Qd1 Na6 11. Be2 Bb4+ 12. Bd2 O-O 13. Rc1 c5 14. O-O cxd4 15.
Bxb4 Nxb4 16. Nxd4 Nd3 17. Bxd3 cxd3 18. Qxd3 Qd7 19. Qb5 Rfc8 20. h3 Rab8 21.
Qa5 h6 22. Rfd1 Rxc1 23. Rxc1 Rc8 24. Rxc8+ Qxc8 25. Qd2 Qc4 26. a5 a6 27. f3
Kh7 28. Kf2 Kg8 29. Ne2 Qh4+ 30. Kg1 Qc4 31. Nc3 Qc7 32. Ne2 Qc4 33. Kf1 Qb5 34.
Kf2 Qc4 35. Qc3 Kf8 36. Qd4 Ke7 37. Nc3 Qc7 38. Qb4+ Qd6 39. Qb7+ Kd8 40. Ne4
Qc7 41. Qb6 Qxb6 42. axb6 Kd7 43. Nc5+ Kc6 44. b7 Kc7 45. Nxa6+ Kxb7 46. Nc5+
Kc6 47. Nxe6 fxe6 48. Ke2 Kc5 49. Kd3 Kb4 50. f4 e5 51. fxe5 fxe5 52. e4 h5 53.
h4 g6 54. g3 Kb5 55. Kc3 Kc5 56. Kxb3 Kd4 57. Kc2 Kxe4 58. Kd2 Kf3 59. Ke1 Kxg3
60. b4 Kxh4 61. b5 Kg3 62. b6 h4 63. b7 h3 64. b8=Q Kg2 65. Qxe5 h2 66. Qe4+ 1-0

[Event "World Youth U16 Olympiad"]
[Site "Gyor HUN"]
[Date "2014.12.14"]
[Round "3.10"]
[Board "3"]
[White "Horvath, Dominik"]
[Black "Gumularz, Szymon"]
[Result "0-1"]
[WhiteElo "2017"]
[BlackElo "2241"]
[WhiteTeam "Austria"]
[BlackTeam "Poland 1"]
[WhiteFideId "1642561"]
[BlackFideId "1188062"]
[EventDate "2014.12.13"]

1. e4 c5 2. Nf3 d6 3. d4 cxd4 4. Nxd4 Nf6 5. Nc3 Nc6 6. Bg5 e6 7. Qd2 a6 8. f3
Bd7 9. O-O-O Rc8 10. Kb1 b5 11. Nxc6 Bxc6 12. Ne2 Be7 13. h4 h6 14. Bxf6 gxf6
15. Nf4 Qb6 16. Nh5 Qc5 17. g4 Bb7 18. Bd3 Kd7 19. f4 Kc7 20. Rhf1 Kb8 21. e5
dxe5 22. fxe5 Qxe5 23. Rde1 Qd4 24. Rf4 Qd8 25. Qf2 e5 26. Rf5 Rc6 27. a3 Bc8
28. Qg2 Rd6 29. Rf2 Rg8 30. Bf5 Rd1+ 31. Rxd1 Qxd1+ 32. Ka2 Bxf5 33. Rxf5 Qxg4
34. Qxg4 Rxg4 35. Nxf6 Rf4 36. Rxf4 exf4 37. Nd5 f3 38. Kb3 Bc5 39. Nf6 f2 0-1

[Event "World Youth U16 Olympiad"]
[Site "Gyor HUN"]
[Date "2014.12.14"]
[Round "3.10"]
[Board "4"]
[White "Janik, Igor"]
[Black "Toelly, Michael"]
[Result "1-0"]
[WhiteElo "2182"]
[BlackElo "1925"]
[WhiteTeam "Poland 1"]
[BlackTeam "Austria"]
[WhiteFideId "1159259"]
[BlackFideId "1625330"]
[EventDate "2014.12.13"]

1. e4 c5 2. Nf3 e6 3. c4 Nc6 4. Nc3 g6 5. d4 cxd4 6. Nxd4 a6 7. Nxc6 bxc6 8. Qd4
Qf6 9. e5 Qg7 10. Ne4 Be7 11. c5 f6 12. Bf4 g5 13. exf6 Nxf6 14. Nd6+ Bxd6 15.
Bxd6 a5 16. Bc4 Ba6 17. Bxa6 Rxa6 18. O-O Ra7 19. Rfe1 Rb7 20. a3 Kf7 21. Re3 g4
22. Rf1 Rg8 23. f3 gxf3 24. g3 Qg4 25. Qxg4 Nxg4 26. Rexf3+ Kg6 27. h3 Nh6 28.
Rf6+ Kg5 29. Be7 Rg7 30. R6f5+ Kg6 31. Rg5# 1-0

[Event "World Youth U16 Olympiad"]
[Site "Gyor HUN"]
[Date "2014.12.14"]
[Round "3.11"]
[Board "1"]
[White "Bakalchuk, Johnatan"]
[Black "Mraz, Ondrej"]
[Result "0-1"]
[WhiteTitle "FM"]
[WhiteElo "2300"]
[BlackElo "2138"]
[WhiteTeam "Israel"]
[BlackTeam "Slovakia Middle"]
[WhiteFideId "2810301"]
[BlackFideId "14900335"]
[EventDate "2014.12.13"]

1. e4 e5 2. Nc3 Nf6 3. f4 d5 4. fxe5 Nxe4 5. Nf3 Bg4 6. Qe2 Nxc3 7. dxc3 Nc6 8.
Bf4 Qd7 9. O-O-O O-O-O 10. Qe3 a6 11. Bc4 Be6 12. Bb3 Na5 13. Bxd5 Bxd5 14. Qa7
Nc6 15. Qa8+ Nb8 16. c4 Qg4 17. Be3 Qxc4 18. Ba7 Qxa2 19. Qxb8+ Kd7 20. e6+ fxe6
21. Ne5+ Ke8 22. Qxc7 Be7 23. h4 Qa1+ 24. Kd2 Qxb2 25. Ke2 Qb5+ 26. c4 Bxc4+ 27.
Nxc4 Qh5+ 28. Ke3 Rxd1 29. Bb6 Rxh1 30. Qb8+ Kf7 31. Ne5+ Qxe5+ 0-1

[Event "World Youth U16 Olympiad"]
[Site "Gyor HUN"]
[Date "2014.12.14"]
[Round "3.11"]
[Board "2"]
[White "Haring, Viktor"]
[Black "Zanan, Evgeny"]
[Result "0-1"]
[BlackTitle "FM"]
[WhiteElo "2051"]
[BlackElo "2300"]
[WhiteTeam "Slovakia Middle"]
[BlackTeam "Israel"]
[WhiteFideId "14919400"]
[BlackFideId "24101940"]
[EventDate "2014.12.13"]

1. e4 c5 2. Nf3 d6 3. d4 cxd4 4. Nxd4 Nf6 5. Nc3 a6 6. Be3 e5 7. Nb3 Be6 8. f4
exf4 9. Bxf4 Nc6 10. Qe2 Rc8 11. h3 Nb4 12. a3 Nh5 13. axb4 Nxf4 14. Qf3 Ng6 15.
b5 a5 16. Nd4 Be7 17. O-O-O O-O 18. g3 Ne5 19. Qf2 a4 20. Nxe6 fxe6 21. Qa7 Qc7
22. b6 Qc5 23. Qxb7 Bg5+ 24. Kb1 a3 25. Rh2 Qb4 0-1

[Event "World Youth U16 Olympiad"]
[Site "Gyor HUN"]
[Date "2014.12.14"]
[Round "3.11"]
[Board "3"]
[White "Grinberg, Eyal"]
[Black "Sahidi, Samir"]
[Result "1-0"]
[WhiteElo "2121"]
[BlackElo "2026"]
[WhiteTeam "Israel"]
[BlackTeam "Slovakia Middle"]
[WhiteFideId "2806070"]
[BlackFideId "14936372"]
[EventDate "2014.12.13"]

1. e4 e5 2. Nf3 Nc6 3. Bb5 Nf6 4. d3 d6 5. O-O a6 6. Bxc6+ bxc6 7. Nbd2 Be7 8.
b3 O-O 9. Bb2 c5 10. Nc4 Ne8 11. Ne3 g6 12. Nd2 f5 13. exf5 Bxf5 14. f4 exf4 15.
Nd5 g5 16. Qh5 Bg6 17. Qe2 Bf6 18. Nxf6+ Nxf6 19. Qe6+ Kg7 20. Rae1 Rf7 21. h4
h6 22. Nf3 g4 23. Nh2 Kf8 24. Rxf4 g3 25. Nf1 Kg7 26. Ne3 Qf8 27. Ng4 1-0

[Event "World Youth U16 Olympiad"]
[Site "Gyor HUN"]
[Date "2014.12.14"]
[Round "3.11"]
[Board "4"]
[White "Poliakova, Emma"]
[Black "Kali, Omer"]
[Result "1/2-1/2"]
[WhiteElo "1679"]
[BlackElo "2055"]
[WhiteTeam "Slovakia Middle"]
[BlackTeam "Israel"]
[WhiteFideId "73601144"]
[BlackFideId "2812436"]
[EventDate "2014.12.13"]

1. e4 e5 2. Nf3 Nc6 3. c3 Nf6 4. d4 exd4 5. e5 Nd5 6. Qb3 Nb6 7. cxd4 d5 8. Bb5
Bd7 9. Nc3 a6 10. Bxc6 Bxc6 11. O-O Be7 12. Be3 Nc4 13. Rae1 O-O 14. Nd2 Nxd2
15. Bxd2 b5 16. f4 f5 17. Rc1 Qd7 18. Nd1 a5 19. Ne3 Bb7 20. Qc2 c6 21. h3 Kh8
22. Kh2 b4 23. g4 g6 24. Kg3 Rac8 25. Qd3 Qe6 26. Rfd1 Ra8 27. Qf1 Qf7 28. Ng2
Qe6 29. g5 Rfc8 30. Be3 Kg7 31. h4 Rh8 32. Qf3 h5 1/2-1/2

[Event "World Youth U16 Olympiad"]
[Site "Gyor HUN"]
[Date "2014.12.14"]
[Round "3.12"]
[Board "1"]
[White "Zhou, Jiangnan"]
[Black "Karas, Marek"]
[Result "1/2-1/2"]
[WhiteElo "2100"]
[BlackElo "2170"]
[WhiteTeam "China"]
[BlackTeam "Slovakia West"]
[WhiteFideId "8609918"]
[BlackFideId "14928558"]
[EventDate "2014.12.13"]

1. d4 Nf6 2. c4 e6 3. Nc3 Bb4 4. f3 c5 5. d5 O-O 6. e4 d6 7. Ne2 b5 8. a3 Ba5 9.
dxe6 fxe6 10. e5 dxe5 11. Qxd8 Rxd8 12. cxb5 a6 13. Ng3 axb5 14. Bxb5 Ba6 15.
Bxa6 Rxa6 16. O-O Nc6 17. Nce4 c4 18. Be3 Nd4 19. Bg5 Kf7 20. f4 exf4 21. Bxf4
Nxe4 22. Nxe4 Ne2+ 23. Kh1 Nxf4 24. Rxf4+ Kg8 25. Raf1 Bc7 26. R4f2 Be5 27. Nc5
Rc6 28. Ne4 Rb6 29. Rc2 Bxb2 30. a4 c3 31. Nxc3 Bxc3 1/2-1/2

[Event "World Youth U16 Olympiad"]
[Site "Gyor HUN"]
[Date "2014.12.14"]
[Round "3.12"]
[Board "2"]
[White "Kavon, Rastislav"]
[Black "Dai, Changren"]
[Result "1/2-1/2"]
[WhiteElo "2153"]
[BlackElo "2301"]
[WhiteTeam "Slovakia West"]
[BlackTeam "China"]
[WhiteFideId "14925648"]
[BlackFideId "8608156"]
[EventDate "2014.12.13"]

1. e4 c5 2. Nf3 Nc6 3. d4 cxd4 4. Nxd4 Nf6 5. Nc3 d6 6. Be2 g6 7. O-O Bg7 8. Be3
O-O 9. h3 d5 10. exd5 Nb4 11. Nf3 Nfxd5 12. Nxd5 Nxd5 13. Bd4 Nf4 14. Bxg7 Kxg7
15. Bc4 Bf5 16. Qd4+ Qxd4 17. Nxd4 Rac8 18. Bb3 Be4 19. f3 Bd5 20. Bxd5 Nxd5 21.
c3 e5 22. Nc2 Rfd8 23. Rad1 Nf4 24. Ne3 Rd3 25. Ng4 Re8 26. Nf2 Rdd8 27. Rfe1 f6
28. Kf1 Kf7 29. Rxd8 Rxd8 30. Rd1 Rxd1+ 31. Nxd1 h5 32. h4 Ke6 33. g3 Nd5 34. c4
Nb4 35. Nc3 f5 36. Ke2 f4 37. g4 Nc2 38. Ne4 b6 39. Ng5+ Kf6 40. Ne4+ Ke7 41.
Nf2 Ne3 42. Kd3 Ke6 43. b3 Ng2 44. Ke4 Nxh4 45. Nd3 1/2-1/2

[Event "World Youth U16 Olympiad"]
[Site "Gyor HUN"]
[Date "2014.12.14"]
[Round "3.12"]
[Board "3"]
[White "Xu, Yi"]
[Black "Puskar, Peter"]
[Result "1-0"]
[WhiteTitle "FM"]
[WhiteElo "2360"]
[BlackElo "2051"]
[WhiteTeam "China"]
[BlackTeam "Slovakia West"]
[WhiteFideId "8605564"]
[BlackFideId "14925842"]
[EventDate "2014.12.13"]

1. e4 c5 2. Nf3 d6 3. d4 cxd4 4. Nxd4 Nf6 5. Nc3 a6 6. Bc4 e6 7. Bb3 Be7 8. f4
Qc7 9. g4 O-O 10. g5 Nfd7 11. Qh5 Nc5 12. f5 d5 13. Be3 b5 14. f6 Bd6 15. fxg7
Re8 16. Nf5 Nxb3 17. axb3 Be5 18. Nxb5 axb5 19. Nh6+ Kxg7 20. Rxa8 Bb7 21. Rf1
Rf8 22. Rxb8 Qxb8 23. Rxf7+ Rxf7 24. Qxf7+ Kh8 25. Bf4 Bxf4 26. Qf6# 1-0

[Event "World Youth U16 Olympiad"]
[Site "Gyor HUN"]
[Date "2014.12.14"]
[Round "3.12"]
[Board "4"]
[White "Vrtiakova, Anna"]
[Black "Zhang, Jiabao"]
[Result "0-1"]
[WhiteElo "1866"]
[BlackElo "2089"]
[WhiteTeam "Slovakia West"]
[BlackTeam "China"]
[WhiteFideId "14927870"]
[BlackFideId "8606560"]
[EventDate "2014.12.13"]

1. Nf3 Nf6 2. c4 e6 3. d4 d5 4. g3 dxc4 5. Qa4+ Nbd7 6. Qxc4 a6 7. Bg2 b5 8. Qc2
Bb7 9. O-O Be7 10. Nc3 O-O 11. Bf4 Rc8 12. e3 c5 13. dxc5 Rxc5 14. Qd2 b4 15.
Na4 Ra5 16. b3 Bxf3 17. Bxf3 g5 18. Bg2 gxf4 19. exf4 Nc5 20. Qc2 Nxa4 21. bxa4
Qc8 22. Qb3 Qc3 23. Rfd1 Qxb3 24. axb3 Rc5 25. Rac1 Rc3 0-1

[Event "World Youth U16 Olympiad"]
[Site "Gyor HUN"]
[Date "2014.12.14"]
[Round "3.13"]
[Board "2"]
[White "Doknjas, John"]
[Black "Kazakovskiy, Valeriy"]
[Result "0-1"]
[WhiteTitle "CM"]
[WhiteElo "2080"]
[BlackElo "2378"]
[WhiteTeam "Canada 2"]
[BlackTeam "Belarus"]
[WhiteFideId "2608367"]
[BlackFideId "13507443"]
[EventDate "2014.12.13"]

1. d4 Nf6 2. c4 e6 3. Nc3 Bb4 4. e3 O-O 5. Bd3 d5 6. Ne2 c5 7. cxd5 exd5 8. a3
Bxc3+ 9. bxc3 b6 10. f3 Ba6 11. Bxa6 Nxa6 12. O-O Nc7 13. Qd3 Re8 14. Ng3 Ne6
15. Bb2 Qd7 16. Rad1 Rad8 17. Rfe1 Qa4 18. e4 dxe4 19. Nxe4 Nxe4 20. Rxe4 cxd4
21. cxd4 Rd5 22. Re5 Qd7 23. Qe4 Rxe5 24. Qxe5 Nc7 25. Qf4 Nd5 26. Qd2 Qe7 27.
Rf1 h6 28. Rf2 a5 29. Rf1 Qe3+ 30. Qxe3 Rxe3 31. Rf2 Kf8 32. Kf1 Ke7 33. Rd2 Kd6
34. Kf2 Rb3 35. g3 Ne3 36. Bc1 Nc4 37. Ra2 Kd5 38. a4 Kxd4 39. Re2 Ne5 40. Be3+
Kd5 41. Rd2+ Rd3 42. Rb2 Rxe3 43. Rb5+ Kd4 0-1

[Event "World Youth U16 Olympiad"]
[Site "Gyor HUN"]
[Date "2014.12.14"]
[Round "3.13"]
[Board "3"]
[White "Zarubitski, Viachaslau"]
[Black "Zhu, Hong Rui"]
[Result "0-1"]
[WhiteTitle "FM"]
[WhiteElo "2219"]
[BlackElo "2085"]
[WhiteTeam "Belarus"]
[BlackTeam "Canada 2"]
[WhiteFideId "13509373"]
[BlackFideId "2614740"]
[EventDate "2014.12.13"]

1. e4 c5 2. Nf3 d6 3. d4 cxd4 4. Nxd4 Nf6 5. Nc3 g6 6. Be3 Bg7 7. f3 Nc6 8. Qd2
O-O 9. g4 Be6 10. h4 Ne5 11. O-O-O Bc4 12. Bh6 Bxf1 13. Bxg7 Kxg7 14. Rdxf1 Nc4
15. Qg5 Qb6 16. Nf5+ Kh8 17. Na4 Qc7 18. Ne3 Rac8 19. Nxc4 Qxc4 20. Nc3 Rc5 21.
Qh6 Rfc8 22. h5 g5 23. f4 Nxg4 24. Qxg5 Rxg5 25. fxg5 Kg7 26. h6+ Kg8 27. Rf4
Ne5 28. Rf2 b5 29. Rd1 Kf8 30. a3 a5 31. g6 Nxg6 32. Rdf1 f6 33. Re1 Ne5 34. Kb1
b4 35. Na4 bxa3 36. b3 Qb4 37. Ree2 Nd3 38. Rf3 Nc5 39. Nxc5 Rxc5 40. Ka2 a4 41.
e5 Rxe5 42. Rg2 Rh5 43. Rfg3 Rxh6 44. Rg4 axb3+ 45. cxb3 Qc5 46. Rc4 Qa5 47. Ra4
Qe5 48. Rag4 Rh2 49. Rg8+ Kf7 50. Rg7+ Ke6 51. Rxh2 Qxh2+ 52. Kxa3 h5 53. b4 Qc2
54. Rg8 h4 55. Rh8 Qc3+ 56. Ka4 h3 57. b5 Qc2+ 58. Ka5 h2 59. Kb6 Qg2 60. Kc7
h1=Q 0-1

[Event "World Youth U16 Olympiad"]
[Site "Gyor HUN"]
[Date "2014.12.14"]
[Round "3.13"]
[Board "4"]
[White "Doknjas, Joshua"]
[Black "Badelka, Olga"]
[Result "1-0"]
[WhiteElo "2005"]
[BlackElo "1996"]
[WhiteTeam "Canada 2"]
[BlackTeam "Belarus"]
[WhiteFideId "2614316"]
[BlackFideId "13509926"]
[EventDate "2014.12.13"]

1. e4 c5 2. Nf3 Nc6 3. Bb5 e6 4. O-O Nge7 5. d4 cxd4 6. Nxd4 Nxd4 7. Qxd4 Nc6 8.
Qd1 Be7 9. Nc3 O-O 10. Bf4 a6 11. Bd3 d6 12. Qd2 b5 13. a4 b4 14. Ne2 Bb7 15.
Bg3 Qc7 16. f4 a5 17. Bf2 Bf6 18. Rab1 Rac8 19. c3 Qb8 20. c4 b3 21. Ng3 g6 22.
Be3 Nb4 23. f5 exf5 24. exf5 Be5 25. Be2 d5 26. c5 Nc2 27. Bh6 Rfd8 28. f6 d4
29. Nf5 Ne3 30. Ne7+ 1-0

[Event "World Youth U16 Olympiad"]
[Site "Gyor HUN"]
[Date "2014.12.14"]
[Round "3.14"]
[Board "1"]
[White "Morozov, Nichita"]
[Black "Valkama, Eero"]
[Result "1/2-1/2"]
[WhiteTitle "FM"]
[WhiteElo "2307"]
[BlackElo "2108"]
[WhiteTeam "Moldova"]
[BlackTeam "Finland"]
[WhiteFideId "13900897"]
[BlackFideId "507555"]
[EventDate "2014.12.13"]

1. d4 Nf6 2. c4 e6 3. Nc3 d5 4. cxd5 exd5 5. Bg5 c6 6. e3 Be7 7. Bd3 O-O 8. Qc2
Nbd7 9. Nf3 h6 10. Bh4 Re8 11. O-O Ne4 12. Bxe7 Qxe7 13. Rab1 a5 14. Rfc1 b6 15.
Bxe4 dxe4 16. Nd2 f5 17. Na4 Bb7 18. Qb3+ Qe6 19. Nc4 b5 20. Ncb6 Qxb3 21. axb3
bxa4 22. Nxd7 axb3 23. Nc5 Ba6 24. Nxb3 Bb5 25. Ra1 a4 26. Nc5 Ra7 27. Ra3 Rea8
28. Rca1 Kh7 29. h4 Kg6 30. f3 exf3 31. gxf3 Kh5 32. Kf2 Kxh4 33. Ne6 Kh5 34.
Rg1 g5 35. e4 Kg6 36. Ke3 Re8 37. Nc5 fxe4 38. fxe4 Rf8 39. Rg3 Rff7 40. Ra1 Ra8
41. e5 h5 42. Ne4 g4 43. Nd6 Rf1 44. Rxf1 Bxf1 45. Rg1 Rf8 46. d5 Rf3+ 47. Kd4
cxd5 48. Kxd5 g3 49. Ke4 Rb3 50. Rxf1 g2 51. Rg1 Rxb2 52. Kf3 a3 53. Nc4 1/2-1/2

[Event "World Youth U16 Olympiad"]
[Site "Gyor HUN"]
[Date "2014.12.14"]
[Round "3.14"]
[Board "2"]
[White "Keinanen, Toivo"]
[Black "Abramciuc, Marius"]
[Result "0-1"]
[WhiteElo "2045"]
[BlackElo "2204"]
[WhiteTeam "Finland"]
[BlackTeam "Moldova"]
[WhiteFideId "509825"]
[BlackFideId "13900609"]
[EventDate "2014.12.13"]

1. e4 e5 2. Nf3 Nc6 3. Bc4 Bc5 4. d4 Bxd4 5. Nxd4 Nxd4 6. O-O Nf6 7. f4 d6 8.
fxe5 dxe5 9. Bg5 Qe7 10. Na3 Bd7 11. c3 Ne6 12. Bxf6 gxf6 13. Qf3 Nf4 14. g3 Rg8
15. Kh1 Bh3 16. gxf4 Bg2+ 17. Qxg2 Rxg2 18. Kxg2 O-O-O 19. Rad1 Rxd1 20. Rxd1
exf4 21. Kf3 Qc5 22. Rd4 Qh5+ 23. Kxf4 Qxh2+ 24. Ke3 Qxb2 25. Nb5 Qc1+ 26. Ke2
a6 27. Nxc7 Qxc3 28. Be6+ fxe6 29. Nxe6 Kb8 30. Rd6 Qe5 31. Rd8+ Ka7 32. Nd4
Qxe4+ 33. Kd2 h5 34. Nb3 h4 35. Nc5 Qb4+ 0-1

[Event "World Youth U16 Olympiad"]
[Site "Gyor HUN"]
[Date "2014.12.14"]
[Round "3.14"]
[Board "3"]
[White "Macovei, Andrei"]
[Black "Nazarova, Anastasia"]
[Result "1-0"]
[BlackTitle "WCM"]
[WhiteElo "2168"]
[BlackElo "1850"]
[WhiteTeam "Moldova"]
[BlackTeam "Finland"]
[WhiteFideId "13904680"]
[BlackFideId "34101737"]
[EventDate "2014.12.13"]

1. e4 c5 2. Nf3 g6 3. d4 cxd4 4. Nxd4 Nc6 5. Nc3 Bg7 6. Be3 Nf6 7. Bc4 d6 8. f3
Qb6 9. a3 Ng4 10. fxg4 Bxd4 11. Nd5 Qc5 12. Bxd4 Nxd4 13. Qd3 b5 14. O-O-O e5
15. Bxb5+ Kf8 16. Bc4 Bxg4 17. Rd2 Kg7 18. c3 Rac8 19. Ne3 Ne6 20. g3 Ng5 21. h4
Be6 22. hxg5 Bxc4 23. Nxc4 Qxc4 24. Qxd6 Rhe8 25. Qf6+ Kg8 26. Rxh7 1-0

[Event "World Youth U16 Olympiad"]
[Site "Gyor HUN"]
[Date "2014.12.14"]
[Round "3.14"]
[Board "4"]
[White "Lindholm, Jere"]
[Black "Chetrari, Nikita"]
[Result "0-1"]
[WhiteElo "1745"]
[BlackElo "2117"]
[WhiteTeam "Finland"]
[BlackTeam "Moldova"]
[WhiteFideId "508012"]
[BlackFideId "13904647"]
[EventDate "2014.12.13"]

1. e4 c6 2. d4 d5 3. exd5 cxd5 4. c4 Nf6 5. Nc3 g6 6. Nf3 Bg7 7. cxd5 Nxd5 8.
Bc4 Nb6 9. Bb3 O-O 10. O-O Nc6 11. Be3 Na5 12. h3 Nxb3 13. Qxb3 Be6 14. Qc2 Rc8
15. Rfd1 Nd5 16. Qd2 Nxe3 17. Qxe3 Qb6 18. Na4 Qd6 19. Nc3 Qb4 20. Rd2 Rfd8 21.
a3 Qc4 22. Rad1 h6 23. Ne5 Qb3 24. f4 Bd5 25. Nd3 Qb6 26. Nb4 Bb3 27. Re1 Bxd4
28. Rxd4 Qxd4 29. Qxd4 Rxd4 30. Rxe7 a5 0-1

[Event "World Youth U16 Olympiad"]
[Site "Gyor HUN"]
[Date "2014.12.14"]
[Round "3.15"]
[Board "1"]
[White "Sanal, Vahap"]
[Black "Petrov, Martin"]
[Result "1-0"]
[WhiteTitle "IM"]
[WhiteElo "2452"]
[BlackElo "2183"]
[WhiteTeam "Turkey"]
[BlackTeam "Bulgaria"]
[WhiteFideId "6300545"]
[BlackFideId "2911086"]
[EventDate "2014.12.13"]

1. e4 c5 2. Nf3 d6 3. d4 cxd4 4. Nxd4 Nf6 5. Nc3 a6 6. Bg5 Nbd7 7. Bc4 Qb6 8.
Bb3 e6 9. Qd2 Be7 10. f3 Nc5 11. Be3 Qc7 12. g4 b5 13. O-O-O Rb8 14. Kb1 b4 15.
Nce2 a5 16. g5 Nfd7 17. Ng3 Ba6 18. Ngf5 Bf8 19. Rhe1 a4 20. Bd5 Ne5 21. Bf4
exd5 22. exd5 Nd7 23. Nc6 Rb6 24. Bg3 g6 25. f4 Rxc6 26. dxc6 gxf5 27. fxe5 Nxe5
28. Bxe5 dxe5 29. Rxe5+ Be7 30. Qd7+ Qxd7 31. Rxd7 O-O 32. Rdxe7 f4 33. Re8 1-0

[Event "World Youth U16 Olympiad"]
[Site "Gyor HUN"]
[Date "2014.12.14"]
[Round "3.15"]
[Board "2"]
[White "Stefanov, Emil"]
[Black "Ali Marandi, Cemil Can"]
[Result "1/2-1/2"]
[BlackTitle "IM"]
[WhiteElo "2134"]
[BlackElo "2423"]
[WhiteTeam "Bulgaria"]
[BlackTeam "Turkey"]
[WhiteFideId "2914794"]
[BlackFideId "6300529"]
[EventDate "2014.12.13"]

1. d4 d5 2. c4 c6 3. Nf3 Nf6 4. Qc2 g6 5. Bf4 Bg7 6. e3 O-O 7. Nc3 Na6 8. Rc1 c5
9. dxc5 Bf5 10. Qd1 dxc4 11. Bxc4 Nxc5 12. O-O Rc8 13. Nd4 Bd7 14. Be5 a6 15. b4
Nce4 16. Nxe4 Nxe4 17. Bxg7 Kxg7 18. Bd3 Nf6 19. Rxc8 Bxc8 20. Qc2 Qd6 21. Qc5
Rd8 22. Qxd6 Rxd6 23. Bc4 Bd7 24. h3 Nd5 25. a3 Nb6 26. Be2 e5 27. Nb3 Bb5 28.
Bxb5 axb5 29. Nc5 Nc4 30. Nxb7 Rb6 31. Na5 Nxa5 32. bxa5 Ra6 33. Rc1 Rxa5 34.
Rc5 Kf6 35. a4 Rxa4 36. Rxb5 Ra1+ 1/2-1/2

[Event "World Youth U16 Olympiad"]
[Site "Gyor HUN"]
[Date "2014.12.14"]
[Round "3.15"]
[Board "3"]
[White "Sevgi, Volkan"]
[Black "Petrov, Vladimir Sergeev"]
[Result "0-1"]
[WhiteTitle "FM"]
[WhiteElo "2091"]
[BlackElo "2055"]
[WhiteTeam "Turkey"]
[BlackTeam "Bulgaria"]
[WhiteFideId "6325335"]
[BlackFideId "2902940"]
[EventDate "2014.12.13"]

1. e4 c5 2. Nc3 d6 3. g3 Nc6 4. Bg2 g6 5. d3 Bg7 6. Nge2 e6 7. Be3 Nd4 8. Qd2
Ne7 9. Nd1 O-O 10. c3 Nxe2 11. Qxe2 Rb8 12. Qd2 b5 13. Bh6 b4 14. h4 bxc3 15.
bxc3 Bxh6 16. Qxh6 f6 17. Qd2 d5 18. exd5 exd5 19. O-O d4 20. cxd4 Qxd4 21. Rc1
Ba6 22. Re1 Nf5 23. Qa5 Bxd3 24. Rxc5 Rbd8 25. h5 Kh8 26. hxg6 hxg6 27. Ne3 Rfe8
28. Kh2 Nh6 29. Bf3 Rd7 30. Kg1 Nf7 31. Ng4 Rde7 32. Rxe7 Rxe7 33. Rd5 Qa1+ 34.
Kh2 Bf5 35. Rd1 Qb2 36. Qc5 Re8 37. Qd4 Qxd4 38. Rxd4 Ng5 39. Kg2 Kg7 40. Ne3
Bh3+ 41. Kh1 Nxf3 42. Rf4 Bd7 43. Kg2 Ne5 44. g4 Be6 45. Ra4 Re7 46. Kg3 g5 47.
a3 Ng6 48. Re4 Kf7 49. a4 Nf4 50. a5 Kg6 51. Nf5 Rh7 0-1

[Event "World Youth U16 Olympiad"]
[Site "Gyor HUN"]
[Date "2014.12.14"]
[Round "3.15"]
[Board "4"]
[White "Vasova, Maria"]
[Black "Tuncer, Tuna"]
[Result "1-0"]
[WhiteElo "2031"]
[BlackElo "2210"]
[WhiteTeam "Bulgaria"]
[BlackTeam "Turkey"]
[WhiteFideId "2900955"]
[BlackFideId "6349269"]
[EventDate "2014.12.13"]

1. e4 c5 2. Nf3 d6 3. d4 cxd4 4. Nxd4 Nf6 5. Nc3 g6 6. Be2 Bg7 7. O-O Nc6 8. Be3
O-O 9. Qd2 Bd7 10. Rfd1 Nxd4 11. Bxd4 Bc6 12. f3 a6 13. a4 Nd7 14. Nd5 Bxd4+ 15.
Qxd4 Rc8 16. Ne3 Qc7 17. a5 Nf6 18. c4 Bd7 19. b4 Be6 20. Rac1 Rfd8 21. Bf1 Qc6
22. Nd5 Bxd5 23. exd5 Qa4 24. Qb2 Rc7 25. Re1 Rb8 26. Ra1 Qd7 27. Qd4 Qd8 28.
Ra3 Rd7 29. Rea1 b6 30. b5 axb5 31. a6 b4 32. Ra4 Ra7 33. Qb2 Nd7 34. Qxb4 Nc5
35. R4a3 Rba8 36. Qb5 Qc7 37. R1a2 Qc8 38. Qxb6 Rxa6 39. Rxa6 Rxa6 40. Rxa6 Nxa6
41. Qa7 Kf8 42. Qd4 Kg8 43. Qa7 Kf8 44. Qd4 f6 45. h4 Nc5 46. Qe3 Qf5 47. Qh6+
Kg8 48. Qe3 Qe5 49. Qxe5 fxe5 50. Kf2 Kg7 51. g4 h6 52. g5 hxg5 53. hxg5 1-0

[Event "World Youth U16 Olympiad"]
[Site "Gyor HUN"]
[Date "2014.12.14"]
[Round "3.16"]
[Board "1"]
[White "Egri, Laszlo Jr."]
[Black "Markoja, Boris"]
[Result "1/2-1/2"]
[BlackTitle "FM"]
[WhiteElo "2118"]
[BlackElo "2335"]
[WhiteTeam "Transdanubium West 2"]
[BlackTeam "Slovenia"]
[WhiteFideId "703397"]
[BlackFideId "14608502"]
[EventDate "2014.12.13"]

1. Nf3 g6 2. e4 c5 3. c3 Bg7 4. d4 cxd4 5. cxd4 d5 6. exd5 Nf6 7. Bb5+ Nbd7 8.
d6 exd6 9. Qe2+ Qe7 10. Bf4 Qxe2+ 11. Bxe2 Ke7 12. Nc3 Nb6 13. O-O a6 14. Rfe1
Be6 15. Ng5 Nbd5 16. Nxe6 fxe6 17. Nxd5+ Nxd5 18. Bg5+ Bf6 19. Bf3 Nb4 20. Bxf6+
Kxf6 21. Re2 Nc6 22. Bxc6 bxc6 23. Rc1 Rhc8 24. Rce1 Re8 25. Rc1 Rec8 26. Rce1
Re8 27. Rc1 Rec8 1/2-1/2